Didactique de ľ expression ecrite sur objectifs academiques en langue etrangere

Problematika vyučovania akademického písomného prejavu v cudzom jazyku. Stratégie rozvíjania produktívnych jazykových zručností študentov v univerzitnom prostredí. Vlastné skúsenosti autorky nadobudnuté pri výučbe predmetu Odborná francúzština v akademickom prostredí.

Enregistré dans:
Détails bibliographiques
Auteur principal: Rizeková, Iveta, 1961-
Format: Chapitre de livre
Langue:français
Sujets:
Tags: Ajouter un tag
Pas de tags, Soyez le premier à ajouter un tag!

MARC

LEADER 00000nla a2200000 4500
001 0223244
005 20240502073643.4
041 0 |a fre 
044 |a SK 
245 1 0 |a Didactique de ľ expression ecrite sur objectifs academiques en langue etrangere  |c Iveta Rizeková 
520 |a Problematika vyučovania akademického písomného prejavu v cudzom jazyku. Stratégie rozvíjania produktívnych jazykových zručností študentov v univerzitnom prostredí. Vlastné skúsenosti autorky nadobudnuté pri výučbe predmetu Odborná francúzština v akademickom prostredí. 
610 2 0 |a jazyky cudzie 
610 2 0 |a jazykoveda 
610 2 0 |a francúzština 
610 2 0 |a kompetencie 
610 2 0 |a študenti 
610 2 0 |a učitelia 
610 2 0 |a vzdelávanie vysokoškolské 
100 1 |a Rizeková, Iveta, 1961-